Multi-sectorial coalitions and popular movement participation

Na minha lista:
Detalhes bibliográficos
Autor principal: Almeida, Paul
Formato: Livro
Idioma:English
Publicado em: Estados Unidos: Elsevier 2005
Tags: Adicionar Tag
Sem tags, seja o primeiro a adicionar uma tag!

MARC

LEADER 00000nam a22000007a 4500
003 cru CRAI/IIS
005 20200113133350.0
008 200113b2005 eu ||||| |||| 00| 0 eng d
999 |c 42824  |d 42824 
040 |c cru CRAI/IIS 
100 1 |9 1762  |a Almeida, Paul 
245 |a Multi-sectorial coalitions and popular movement participation 
260 |a Estados Unidos:  |b Elsevier  |c 2005 
500 |a Es un artículo de revista 
942 |2 ddc  |c LI